000 00664nam a22002297i 4500
003 URS
005 20260218110721.0
008 190208t2010 ii ||||| |||| 00| 0 eng d
020 _a9789350140314
040 _cURS
_D
_dURS
050 1 4 _aTK 146
_bSi646 2010
100 1 _aSingh, Tarlok
245 1 0 _aBasic electrical engineering /
_cby Er. Tarlok Singh.
264 1 _aNew Delhi :
_bS.K. Katarina & Sons
_c2010.
264 3 _creprinted 2012
300 _a297 pages :
_billustrations ;
_c23 cm
336 _atext
_btxt
_2rdacontent
337 _aunmediated
_bn
_2rdamedia
338 _avolume
_bnc
_2rdacarrier
650 0 _aElectrical engineering
942 _cFR
_2lcc
999 _c98696
_d98693